[Event "Hamburg-chI"]
[Site "Hamburg"]
[Date "1998.05.29"]
[Round "1"]
[White "Gustafsson, Jan"]
[Black "Rakow, Thorben"]
[Result "1/2-1/2"]
[WhiteElo "2385"]
[BlackElo "2070"]
[PlyCount "86"]
[EventDate "1998.05.29"]
[Source "ChessBase"]
[SourceDate "1998.07.07"]

1. d4 Nf6 2. c4 c5 3. d5 b5 4. cxb5 a6 5. bxa6 Bxa6 6. Nc3 d6 7. e4 Bxf1 8.
Kxf1 g6 9. g3 Bg7 10. Kg2 O-O 11. Nf3 Nbd7 12. Re1 Qb6 13. e5 Nxe5 14. Nxe5
dxe5 15. Rxe5 e6 16. Qf3 exd5 17. Nxd5 Nxd5 18. Rxd5 Ra6 19. Be3 Qxb2 20. Rad1
Qxa2 21. Bxc5 Re8 22. Rd7 Rf6 23. Re1 Rc8 24. Qd5 Qxd5+ 25. Rxd5 Re6 26. Red1
Bf8 27. Be3 Ree8 28. g4 h6 29. Rd7 Rc4 30. Kf3 Rce4 31. Rb7 R4e7 32. Rxe7 Bxe7
33. Bxh6 g5 34. Re1 f6 35. h4 gxh4 36. Bf4 Kf7 37. Rh1 Rh8 38. Bg3 h3 39. Bf4
Kg6 40. Kg3 f5 41. Rxh3 Rxh3+ 42. Kxh3 fxg4+ 43. Kxg4 Bb4 1/2-1/2

[Event "Hamburg-chI"]
[Site "Hamburg"]
[Date "1998.05.29"]
[Round "1"]
[White "Heinemann, Thies"]
[Black "Wendt, Jan Dietrich"]
[Result "1/2-1/2"]
[WhiteElo "2450"]
[BlackElo "2275"]
[PlyCount "104"]
[EventDate "1998.05.29"]
[Source "ChessBase"]
[SourceDate "1998.07.07"]

1. e4 c5 2. Nf3 Nc6 3. d4 cxd4 4. Nxd4 Nf6 5. Nc3 e5 6. Ndb5 d6 7. Bg5 a6 8.
Na3 b5 9. Bxf6 gxf6 10. Nd5 f5 11. Bd3 Be6 12. O-O Bg7 13. Qh5 f4 14. c4 bxc4
15. Bxc4 Nd4 16. Rac1 Rc8 17. b3 O-O 18. Nb1 Kh8 19. Nbc3 f5 20. Bxa6 fxe4 21.
Bxc8 Bxc8 22. Nxe4 Be6 23. Ng5 Bg8 24. Rc7 Rf5 25. h4 f3 26. Ne7 Rxg5 27. hxg5
Ne2+ 28. Kh2 Nf4 29. Rc8 Qxc8 30. Nxc8 Nxh5 31. g3 d5 32. Ne7 Be6 33. Rc1 Bf8
34. Rc6 Ng7 35. Nc8 Kg8 36. Nd6 Nf5 37. Ne8 Nd4 38. Rc7 Bf5 39. Nf6+ Kh8 40.
Nxd5 Bd6 41. Ra7 Bc5 42. Ra5 Ne6 43. Kg1 Bd4 44. Ne3 Bd3 45. Ng4 Nxg5 46. Rd5
Nh3+ 47. Kh2 Nxf2 48. Nxf2 Bxf2 49. Rxd3 e4 50. Rd8+ Kg7 51. Kh3 e3 52. Kg4 e2
1/2-1/2

[Event "Hamburg-chI"]
[Site "Hamburg"]
[Date "1998.05.29"]
[Round "1"]
[White "Kempinski, Robert"]
[Black "Trisic, Alexandar"]
[Result "1-0"]
[WhiteElo "2520"]
[BlackElo "2330"]
[PlyCount "49"]
[EventDate "1998.05.29"]
[Source "ChessBase"]
[SourceDate "1998.07.07"]

1. d4 Nf6 2. c4 g6 3. Nc3 Bg7 4. Nf3 O-O 5. Bg5 d6 6. e3 h6 7. Bh4 c5 8. d5 g5
9. Bg3 Nh5 10. Nd2 Nxg3 11. hxg3 e5 12. g4 f5 13. gxf5 e4 14. g4 Nd7 15. Ndxe4
Nf6 16. Bd3 Nxg4 17. Qxg4 Bxf5 18. Qe2 Qa5 19. Rc1 b5 20. cxb5 c4 21. Bb1 Rae8
22. Nd2 Qb4 23. Bxf5 Rxf5 24. Rc2 Ref8 25. Rh2 1-0

[Event "Hamburg-chI"]
[Site "Hamburg"]
[Date "1998.05.29"]
[Round "1"]
[White "Lamprecht, Frank"]
[Black "Engelbert, Christoph"]
[Result "1/2-1/2"]
[WhiteElo "2395"]
[BlackElo "2250"]
[PlyCount "177"]
[EventDate "1998.05.29"]
[Source "ChessBase"]
[SourceDate "1998.07.07"]

1. d4 g6 2. c4 Bg7 3. e4 d6 4. Nc3 e5 5. dxe5 dxe5 6. Qxd8+ Kxd8 7. f4 Be6 8.
Nf3 Nd7 9. Be2 Ne7 10. O-O h6 11. Be3 c6 12. Rad1 Ke8 13. h3 exf4 14. Bxf4 g5
15. Bg3 Ng6 16. Nd5 cxd5 17. cxd5 Bxh3 18. gxh3 Nf4 19. Bxf4 gxf4 20. Bb5 a6
21. Bxd7+ Kxd7 22. e5 Rhg8 23. Kf2 Rac8 24. Rg1 Bh8 25. Rxg8 Rxg8 26. Rd4 f6
27. e6+ Kd6 28. Nh4 Ke5 29. e7 f5 30. Ng6+ Kd6 31. Rxf4 Bf6 32. Rxf5 Bxe7 33.
Nxe7 Kxe7 34. Rh5 Rg6 35. Kf3 Kd6 36. Ke4 Rf6 37. a4 a5 38. Rf5 Rg6 39. Kd4 Rg2
40. Rf6+ Kc7 41. Kc5 b6+ 42. Kb5 Rxb2+ 43. Ka6 h5 44. Rc6+ Kd7 45. Rxb6 Rd2 46.
Kxa5 h4 47. Rb4 Rxd5+ 48. Kb6 Rh5 49. a5 Kc8 50. Rc4+ Kb8 51. Ra4 Ka8 52. Kc6
Ka7 53. Kd6 Ka6 54. Ke6 Rxa5 55. Rxh4 Ra3 56. Rh7 Rb3 57. h4 Rb4 58. h5 Rb5 59.
Rh8 Rb6+ 60. Kd7 Rb7+ 61. Kc8 Rb5 62. Kc7 Ka7 63. Kc6 Rf5 64. Rh7+ Ka6 65. Rh6
Ka7 66. Rh8 Re5 67. Kd7 Rb5 68. Ke6 Rb6+ 69. Kd5 Rb5+ 70. Kd6 Rf5 71. Ke7 Rb5
72. h6 Rb7+ 73. Kd6 Rb6+ 74. Ke5 Rb5+ 75. Kd4 Rb6 76. Rh7+ Ka6 77. Ke5 Rb5+ 78.
Kf4 Rb4+ 79. Ke3 Rb3+ 80. Kd4 Rb4+ 81. Kc5 Rb5+ 82. Kc4 Rb6 83. Rh8 Ka7 84. Kc5
Re6 85. Rh7+ Ka6 86. Kd5 Rb6 87. Rc7 Rxh6 88. Rc6+ Rxc6 89. Kxc6 1/2-1/2

[Event "Hamburg-chI"]
[Site "Hamburg"]
[Date "1998.05.29"]
[Round "1"]
[White "Lindinger, Markus"]
[Black "Breyther, Ruediger"]
[Result "1-0"]
[WhiteElo "2245"]
[BlackElo "2385"]
[PlyCount "27"]
[EventDate "1998.05.29"]
[Source "ChessBase"]
[SourceDate "1998.07.07"]

1. d4 Nf6 2. Bg5 e6 3. Nc3 h6 4. Bh4 d5 5. e4 Bb4 6. exd5 Qxd5 7. Bxf6 gxf6 8.
Nge2 Nc6 9. a3 Bxc3+ 10. Nxc3 Qxd4 11. Qxd4 Nxd4 12. O-O-O c5 13. Ne4 b6 14. c3
1-0

[Event "Hamburg-chI"]
[Site "Hamburg"]
[Date "1998.05.29"]
[Round "1"]
[White "Meyer, Falko"]
[Black "Slobodjan, Roman"]
[Result "0-1"]
[WhiteElo "2330"]
[BlackElo "2530"]
[PlyCount "93"]
[EventDate "1998.05.29"]
[Source "ChessBase"]
[SourceDate "1998.07.07"]

1. e4 d6 2. d4 g6 3. Nf3 Bg7 4. Be2 Nf6 5. e5 dxe5 6. Nxe5 O-O 7. O-O Nbd7 8.
Nc3 c6 9. Bf4 Nxe5 10. Bxe5 Be6 11. Bf3 Qa5 12. a3 Rac8 13. Re1 Rfd8 14. Qe2
Rd7 15. b4 Qd8 16. Na4 b6 17. c4 Ne8 18. Rad1 Bxe5 19. dxe5 c5 20. Bg4 Ng7 21.
Nc3 Bxg4 22. Qxg4 Rd4 23. Qe2 a6 24. Nd5 Ne6 25. f4 cxb4 26. Rxd4 Nxd4 27. Qd3
Nc6 28. e6 f6 29. axb4 a5 30. b5 Nb4 31. Nxb4 axb4 32. Qxd8+ Rxd8 33. Rb1 Rd4
34. Rxb4 Rxf4 35. Ra4 f5 36. Ra7 Kf8 37. Rb7 Rxc4 38. Rxb6 Kg7 39. Rb8 Kf6 40.
b6 Rb4 41. b7 Kxe6 42. Kf2 Kd7 43. h3 Ke6 44. Kf3 Ke5 45. Kg3 Rb3+ 46. Kf2 Kf4
47. g3+ 0-1

[Event "Hamburg-chI"]
[Site "Hamburg"]
[Date "1998.05.29"]
[Round "1"]
[White "Mueller, Karsten"]
[Black "Bach, Matthias"]
[Result "1-0"]
[WhiteElo "2515"]
[BlackElo "2320"]
[PlyCount "39"]
[EventDate "1998.05.29"]
[Source "ChessBase"]
[SourceDate "1998.07.07"]

1. e4 c5 2. Nf3 Nf6 3. Nc3 d5 4. exd5 Nxd5 5. Bb5+ Bd7 6. Qe2 Nxc3 7. dxc3 a6
8. Bc4 e6 9. Bf4 Be7 10. O-O-O Nc6 11. h4 b5 12. Bd3 Qa5 13. Be4 O-O-O 14. Kb1
Qb6 15. Ng5 b4 16. cxb4 Nxb4 17. a3 Nc6 18. Nxf7 e5 19. Bxc6 Bxc6 20. Nxd8 1-0

[Event "Hamburg-chI"]
[Site "Hamburg"]
[Date "1998.05.30"]
[Round "2"]
[White "Bach, Matthias"]
[Black "Pestov, Sergei M"]
[Result "1-0"]
[WhiteElo "2320"]
[BlackElo "2335"]
[PlyCount "49"]
[EventDate "1998.05.29"]
[Source "ChessBase"]
[SourceDate "1998.07.07"]

1. d4 e6 2. c4 b6 3. g3 Bb7 4. f3 Bb4+ 5. Nc3 f5 6. Nh3 Nf6 7. Bg2 c5 8. dxc5
bxc5 9. O-O Bxc3 10. bxc3 Qa5 11. Rb1 Ba6 12. f4 Ne4 13. Bxe4 fxe4 14. Qd6 Nc6
15. f5 exf5 16. Rxf5 Qxc3 17. Bb2 Qe3+ 18. Kh1 Bb7 19. Bxg7 O-O-O 20. Be5 Nxe5
21. Rxe5 Rdf8 22. Rxc5+ Kd8 23. Qc7+ Ke8 24. Re5+ Kf7 25. Qxd7+ 1-0

[Event "Hamburg-chI"]
[Site "Hamburg"]
[Date "1998.05.30"]
[Round "2"]
[White "Hegeler, Frank"]
[Black "Pajeken, Wolfgang"]
[Result "0-1"]
[WhiteElo "2330"]
[BlackElo "2290"]
[PlyCount "80"]
[EventDate "1998.05.29"]
[Source "ChessBase"]
[SourceDate "1998.07.07"]

1. d4 Nf6 2. c4 c5 3. d5 e6 4. Nc3 exd5 5. cxd5 d6 6. e4 g6 7. h3 Bg7 8. Nf3
O-O 9. Bd3 b5 10. Nxb5 Re8 11. O-O Nxe4 12. Qa4 a6 13. Bxe4 Bd7 14. Bd3 Qb6 15.
Ng5 axb5 16. Qh4 h6 17. Ne4 Qd8 18. Qg3 c4 19. Bc2 Bf5 20. Qxd6 Na6 21. Qf4 Nb4
22. Bb1 Nxd5 23. Qf3 Qe7 24. Ng3 Be6 25. Be4 Qc5 26. Rd1 Rad8 27. a3 Nf6 28.
Be3 Qe5 29. Bc6 Bd5 30. Bxd5 Rxd5 31. Bd2 Ne4 32. Nxe4 Qxe4 33. Re1 Qxf3 34.
Rxe8+ Kh7 35. gxf3 Rxd2 36. Rb1 Bxb2 37. Rb8 c3 38. Rxb5 c2 39. R5xb2 Rd1+ 40.
Kg2 cxb1=Q 0-1

[Event "Hamburg-chI"]
[Site "Hamburg"]
[Date "1998.05.30"]
[Round "2"]
[White "Hochgraefe, Markus"]
[Black "Kempinski, Robert"]
[Result "0-1"]
[WhiteElo "2300"]
[BlackElo "2520"]
[PlyCount "77"]
[EventDate "1998.05.29"]
[Source "ChessBase"]
[SourceDate "1998.07.07"]

1. c4 Nf6 2. Nc3 g6 3. e4 d6 4. d4 Bg7 5. f3 O-O 6. Be3 a6 7. Qd2 Nbd7 8. Nh3
c5 9. d5 Qa5 10. Nf2 b5 11. cxb5 Nb6 12. bxa6 Bxa6 13. Bxa6 Qxa6 14. b3 Rfb8
15. Bh6 Bh8 16. Rc1 Nfd7 17. h4 c4 18. h5 cxb3 19. hxg6 fxg6 20. axb3 Nc5 21.
Rb1 Rb7 22. Nfd1 Nbd7 23. Qe2 Qxe2+ 24. Kxe2 Rxb3 25. Rxb3 Nxb3 26. Be3 Ra1 27.
Kd3 Ndc5+ 28. Kc2 Nd4+ 29. Bxd4 Bxd4 30. Rh3 Be5 31. g4 Kg7 32. Nf2 Bxc3 33.
Kxc3 Ra2 34. Rh2 Ra3+ 35. Kd4 Rxf3 36. Rg2 h6 37. Rh2 Nd7 38. Nd3 Rg3 39. Nf2
0-1

[Event "Hamburg-chI"]
[Site "Hamburg"]
[Date "1998.05.30"]
[Round "2"]
[White "Lukacs, Peter"]
[Black "Lindinger, Markus"]
[Result "1-0"]
[WhiteElo "2515"]
[BlackElo "2245"]
[PlyCount "77"]
[EventDate "1998.05.29"]
[Source "ChessBase"]
[SourceDate "1998.07.07"]

1. d4 d5 2. c4 dxc4 3. Nf3 Nf6 4. e3 e6 5. Bxc4 a6 6. O-O c5 7. Bb3 Nc6 8. Qe2
cxd4 9. Rd1 d3 10. Rxd3 Qc7 11. Nc3 Bc5 12. h3 O-O 13. e4 Nd7 14. Be3 b6 15.
Rad1 Bxe3 16. Qxe3 Nc5 17. Rd6 Bb7 18. Na4 Nxa4 19. Rd7 Qc8 20. Bxa4 b5 21. Bb3
Rd8 22. Rxd8+ Nxd8 23. Qf4 Qc6 24. Rd4 Qb6 25. Rd6 Qc7 26. Nd4 Rc8 27. e5 Qc5
28. Kh2 h6 29. Qg3 Kh8 30. f4 Be4 31. Qe3 Bb7 32. Bc2 Qc4 33. f5 Qf1 34. Qg3
exf5 35. Bxf5 Ra8 36. Bd3 Qc1 37. h4 g6 38. e6 fxe6 39. Qe5+ 1-0

[Event "Hamburg-chI"]
[Site "Hamburg"]
[Date "1998.05.30"]
[Round "2"]
[White "Rakow, Thorben"]
[Black "Lamprecht, Frank"]
[Result "0-1"]
[WhiteElo "2070"]
[BlackElo "2395"]
[PlyCount "58"]
[EventDate "1998.05.29"]
[Source "ChessBase"]
[SourceDate "1998.07.07"]

1. e4 e6 2. d4 d5 3. Nc3 Nf6 4. Bg5 Be7 5. e5 Nfd7 6. h4 c5 7. Bxe7 Kxe7 8. f4
Qb6 9. Nf3 Qxb2 10. Nb5 Qb4+ 11. Kf2 a6 12. Nd6 Nc6 13. c4 Nxd4 14. Nxd4 cxd4
15. cxd5 d3 16. Kg3 Qd4 17. Bxd3 Nxe5 18. Nxc8+ Rhxc8 19. d6+ Kf8 20. fxe5 Rc3
21. Qh5 Rxd3+ 22. Kh2 Qf4+ 23. Kg1 Qe3+ 24. Kh2 Qf4+ 25. Kg1 Qe3+ 26. Kh2 Qg3+
27. Kg1 Rd2 28. Rh2 Qf2+ 29. Kh1 Re2 0-1

[Event "Hamburg-chI"]
[Site "Hamburg"]
[Date "1998.05.30"]
[Round "2"]
[White "Rogozenko, Dorian"]
[Black "Ftacnik, Lubomir"]
[Result "1/2-1/2"]
[WhiteElo "2495"]
[BlackElo "2580"]
[PlyCount "43"]
[EventDate "1998.05.29"]
[Source "ChessBase"]
[SourceDate "1998.07.07"]

1. d4 Nf6 2. c4 g6 3. g3 Bg7 4. Bg2 d5 5. cxd5 Nxd5 6. e4 Nb6 7. Ne2 e5 8. d5
c6 9. O-O O-O 10. Nbc3 cxd5 11. exd5 Na6 12. b3 f5 13. a4 f4 14. a5 f3 15. axb6
fxg2 16. Kxg2 e4 17. Nd4 h5 18. h3 Qxb6 19. Be3 Qd8 20. Qe2 Qd7 21. Rh1 Qf7 22.
Rad1 1/2-1/2

[Event "Hamburg-chI"]
[Site "Hamburg"]
[Date "1998.05.31"]
[Round "3"]
[White "Ftacnik, Lubomir"]
[Black "Heinemann, Thies"]
[Result "1-0"]
[WhiteElo "2580"]
[BlackElo "2450"]
[PlyCount "89"]
[EventDate "1998.05.29"]
[Source "ChessBase"]
[SourceDate "1998.07.07"]

1. d4 Nf6 2. Nf3 g6 3. Nc3 d5 4. Bf4 Bg7 5. e3 O-O 6. Be2 c6 7. h3 Nbd7 8. O-O
Re8 9. a4 a5 10. Bh2 Nb6 11. Bd3 Bf5 12. Bxf5 gxf5 13. Ne5 Nbd7 14. g4 fxg4 15.
hxg4 Ne4 16. Nxe4 dxe4 17. Nc4 e5 18. dxe5 Bxe5 19. f4 exf3 20. Qxf3 Bxh2+ 21.
Kxh2 Qc7+ 22. Kg2 Ne5 23. Qf4 Re7 24. Qg5+ Ng6 25. Rad1 Re6 26. Rd4 Rae8 27.
Rfd1 Qe7 28. Qxe7 R8xe7 29. Rd8+ Re8 30. Nxa5 Kg7 31. Nxb7 Rxe3 32. Rxe8 Rxe8
33. a5 Re2+ 34. Kf1 Rxc2 35. a6 Rxb2 36. Ra1 Ne5 37. a7 Rxb7 38. a8=Q Rb4 39.
Qa5 Rf4+ 40. Ke2 Re4+ 41. Kd1 Rd4+ 42. Kc2 c5 43. Ra4 Nc6 44. Qc3 Kg6 45. Qxc5
1-0

[Event "Hamburg-chI"]
[Site "Hamburg"]
[Date "1998.05.31"]
[Round "3"]
[White "Gustafsson, Jan"]
[Black "Slobodjan, Roman"]
[Result "1/2-1/2"]
[WhiteElo "2385"]
[BlackElo "2530"]
[PlyCount "91"]
[EventDate "1998.05.29"]
[Source "ChessBase"]
[SourceDate "1998.07.07"]

1. d4 d5 2. c4 c6 3. Nc3 Nf6 4. e3 Nbd7 5. Nf3 e6 6. Bd3 dxc4 7. Bxc4 b5 8. Bd3
a6 9. e4 c5 10. d5 Qc7 11. dxe6 fxe6 12. O-O c4 13. Bc2 Bc5 14. Qe2 Ne5 15.
Nxe5 Qxe5 16. Kh1 O-O 17. f4 Qh5 18. Qxh5 Nxh5 19. e5 g5 20. Ne4 Be7 21. f5
exf5 22. Bxg5 Rf7 23. Bxe7 Rxe7 24. Nd6 Rxe5 25. a4 Rd5 26. Rfd1 Nf4 27. axb5
Nd3 28. Nxc8 Rxc8 29. Bxd3 cxd3 30. bxa6 Kf7 31. Kg1 Kf6 32. Kf2 Ra8 33. b4 Ke5
34. Ra3 Ke4 35. b5 Rxb5 36. Ra4+ Ke5 37. Rxd3 Ra7 38. Kf3 Rb6 39. Ra5+ Kf6 40.
Rda3 Re6 41. R3a4 Kg7 42. Kf4 Kg6 43. g4 fxg4 44. Kxg4 Rf6 45. h4 h6 46. Ra3
1/2-1/2

[Event "Hamburg-chI"]
[Site "Hamburg"]
[Date "1998.05.31"]
[Round "3"]
[White "Meyer, Falko"]
[Black "Trisic, Alexandar"]
[Result "1/2-1/2"]
[WhiteElo "2330"]
[BlackElo "2330"]
[PlyCount "106"]
[EventDate "1998.05.29"]
[Source "ChessBase"]
[SourceDate "1998.07.07"]

1. e4 c5 2. Nf3 d6 3. d4 cxd4 4. Nxd4 Nf6 5. Nc3 a6 6. Be2 e6 7. O-O Be7 8. Be3
O-O 9. f4 Nc6 10. g4 Re8 11. g5 Nd7 12. Bd3 Nxd4 13. Bxd4 Bf8 14. Qf3 b5 15. a3
Bb7 16. Rad1 Qc7 17. Ne2 e5 18. Bc3 exf4 19. Qxf4 Ne5 20. Ng3 g6 21. Rf2 Bg7
22. Bf1 Rad8 23. Bg2 a5 24. Nf1 Rf8 25. Ne3 Qb6 26. Kh1 b4 27. axb4 axb4 28.
Bd4 Qc7 29. Qh4 Qe7 30. c3 bxc3 31. Bxc3 h6 32. Nd5 Bxd5 33. Rxd5 hxg5 34. Qg3
Ra8 35. Rf1 Ra6 36. Rfd1 Rfa8 37. Bb4 Rd8 38. Bf1 Rc6 39. Bb5 Rc2 40. Bxd6 Qe6
41. Qb3 Rdc8 42. Bxe5 Bxe5 43. Rd8+ Kg7 44. Qxe6 fxe6 45. Rxc8 Rxc8 46. Rd2 Bf4
47. Re2 Kf6 48. b3 Rc3 49. Bc4 Ke5 50. Ra2 Be3 51. Kg2 Kf4 52. Bxe6 g4 53. e5
Kxe5 1/2-1/2

[Event "Hamburg-chI"]
[Site "Hamburg"]
[Date "1998.05.31"]
[Round "3"]
[White "Movsziszian, Karen"]
[Black "Bach, Matthias"]
[Result "1-0"]
[WhiteElo "2500"]
[BlackElo "2320"]
[PlyCount "105"]
[EventDate "1998.05.29"]
[Source "ChessBase"]
[SourceDate "1998.07.07"]

1. e4 c5 2. Nc3 Nc6 3. g3 g6 4. Bg2 Bg7 5. d3 d6 6. Nh3 h5 7. O-O Nf6 8. Bg5 h4
9. gxh4 Ng4 10. Nf4 Nge5 11. Nfd5 Bg4 12. f3 Bh5 13. Ne2 f6 14. Be3 e6 15. Ndf4
Qe7 16. Ng3 Bh6 17. Qd2 O-O-O 18. c3 Rdg8 19. Ngxh5 gxh5 20. Kh1 Rg7 21. Bh3
Bxf4 22. Bxf4 Kb8 23. d4 cxd4 24. cxd4 Ng6 25. Bg3 f5 26. exf5 exf5 27. Bxf5
Nxh4 28. Be4 Rhg8 29. Qf4 Rxg3 30. hxg3 Ng6 31. Bxg6 Rxg6 32. Rae1 Qg7 33. Re8+
Kc7 34. Qf8 Rxg3 35. Qxg7+ Rxg7 36. Rd1 Rf7 37. Kg2 h4 38. Kf2 d5 39. Rh8 Kb6
40. Rxh4 Kb5 41. Rh5 Rd7 42. Ke3 Re7+ 43. Kf4 Rf7+ 44. Kg4 Kc4 45. b3+ Kc3 46.
Rxd5 Nb4 47. Rc1+ Kd2 48. Rf1 Rg7+ 49. Rg5 Rd7 50. f4 Ke2 51. Rf3 Rxd4 52. Re5+
Kd2 53. Rh5 1-0

[Event "Hamburg-chI"]
[Site "Hamburg"]
[Date "1998.05.31"]
[Round "3"]
[White "Mueller, Karsten"]
[Black "Wendt, Jan Dietrich"]
[Result "1-0"]
[WhiteElo "2515"]
[BlackElo "2275"]
[PlyCount "93"]
[EventDate "1998.05.29"]
[Source "ChessBase"]
[SourceDate "1998.07.07"]

1. e4 c5 2. Nf3 Nc6 3. d4 cxd4 4. Nxd4 Nf6 5. Nc3 e5 6. Ndb5 d6 7. Bg5 a6 8.
Na3 b5 9. Nd5 Be7 10. Bxf6 Bxf6 11. c3 O-O 12. h4 Ne7 13. Nxf6+ gxf6 14. Bd3 d5
15. Nc2 Bb7 16. Qf3 Qb6 17. exd5 Bxd5 18. Be4 Bxe4 19. Qxe4 Qe6 20. O-O f5 21.
Qe2 Rae8 22. a4 Ng6 23. axb5 axb5 24. g3 Kh8 25. Kh2 Rg8 26. Nb4 e4 27. Ra6 Qe5
28. Qh5 f4 29. Qxe5+ Rxe5 30. Rd6 e3 31. Nd3 Ree8 32. Nxf4 Nxf4 33. gxf4 Rg4
34. fxe3 Reg8 35. Rf3 Rg2+ 36. Kh3 Rxb2 37. e4 h5 38. Rh6+ Kg7 39. Rxh5 Ra8 40.
Rg3+ Kf6 41. Rh6+ Ke7 42. Rb6 Ra4 43. Rb7+ Ke6 44. Re3 Ra1 45. Rb6+ Ke7 46. Kg4
Rg1+ 47. Rg3 1-0

[Event "Hamburg-chI"]
[Site "Hamburg"]
[Date "1998.05.31"]
[Round "3"]
[White "Pajeken, Wolfgang"]
[Black "Breyther, Ruediger"]
[Result "0-1"]
[WhiteElo "2290"]
[BlackElo "2385"]
[PlyCount "86"]
[EventDate "1998.05.29"]
[Source "ChessBase"]
[SourceDate "1998.07.07"]

1. d4 Nf6 2. c4 e6 3. Nc3 Bb4 4. e3 c5 5. Bd3 Nc6 6. Nf3 Bxc3+ 7. bxc3 d6 8.
O-O e5 9. Ng5 O-O 10. f4 exd4 11. cxd4 cxd4 12. exd4 h6 13. Nf3 d5 14. Bb2 Bg4
15. h3 Bxf3 16. Rxf3 Re8 17. Rc1 Nb4 18. Bb1 dxc4 19. Rxc4 Nbd5 20. Rc1 Rc8 21.
Rxc8 Qxc8 22. Qd3 Qc6 23. Kh2 Re1 24. a3 Qc7 25. g3 h5 26. Ba2 h4 27. Bxd5 Nxd5
28. Bc3 hxg3+ 29. Kxg3 Re6 30. Bd2 Qe7 31. f5 Re2 32. Rf2 Re4 33. Kg2 Qh4 34.
Qg3 Qxg3+ 35. Kxg3 Rxd4 36. Bc1 Rd3+ 37. Rf3 Rd1 38. Bg5 f6 39. Bh4 Rd4 40. Rb3
Ne7 41. Bxf6 gxf6 42. Rxb7 Nxf5+ 43. Kf3 Ra4 0-1

[Event "Hamburg-chI"]
[Site "Hamburg"]
[Date "1998.05.31"]
[Round "3"]
[White "Pestov, Sergei M"]
[Black "Rakow, Thorben"]
[Result "1/2-1/2"]
[WhiteElo "2335"]
[BlackElo "2070"]
[PlyCount "97"]
[EventDate "1998.05.29"]
[Source "ChessBase"]
[SourceDate "1998.07.07"]

1. c4 Nf6 2. Nc3 c5 3. g3 g6 4. Bg2 Bg7 5. e3 d6 6. Nge2 Nc6 7. O-O O-O 8. d4
Bd7 9. b3 Rb8 10. Bb2 Re8 11. h3 e5 12. dxc5 dxc5 13. Nd5 Bf5 14. g4 Bc8 15.
Ng3 b6 16. Qf3 Bb7 17. Nxf6+ Qxf6 18. Qxf6 Bxf6 19. Ne4 Be7 20. Rfd1 Red8 21.
Nc3 Bf6 22. Nd5 Bg7 23. g5 Kf8 24. Kf1 Ne7 25. Nf6 Bxg2+ 26. Kxg2 Bxf6 27. gxf6
Nc6 28. Kf3 Re8 29. Rd6 e4+ 30. Kg3 Nb4 31. Rd7 a6 32. Rad1 Nxa2 33. Ra7 Ra8
34. Rb7 Rab8 35. Rdd7 Rxb7 36. Rxb7 Re6 37. Rb8+ Re8 38. Rxb6 Nb4 39. Ba3 Nd3
40. Rxa6 Re6 41. Ra5 Rxf6 42. Bxc5+ Ke8 43. Bd4 Rf3+ 44. Kg2 Rxf2+ 45. Kg1 Rc2
46. Ra8+ Ke7 47. Ra7+ Ke6 48. Ra6+ Ke7 49. Ra7+ 1/2-1/2

[Event "Hamburg-chI"]
[Site "Hamburg"]
[Date "1998.05.31"]
[Round "3"]
[White "Voigt, Martin"]
[Black "Engelbert, Christoph"]
[Result "1/2-1/2"]
[WhiteElo "2265"]
[BlackElo "2250"]
[PlyCount "125"]
[EventDate "1998.05.29"]
[Source "ChessBase"]
[SourceDate "1998.07.07"]

1. d4 g6 2. Nf3 Bg7 3. c4 d6 4. Nc3 Bg4 5. e3 c5 6. Be2 Nh6 7. h3 Bxf3 8. Bxf3
cxd4 9. Ne2 Nc6 10. Nxd4 Nxd4 11. exd4 Nf5 12. Bxb7 Rb8 13. Bc6+ Kf8 14. d5
Bxb2 15. Bxb2 Qa5+ 16. Qd2 Qxd2+ 17. Kxd2 Rxb2+ 18. Kd3 Kg7 19. g4 Nh4 20. Rhe1
Nf3 21. Rxe7 Rhb8 22. c5 Ne5+ 23. Rxe5 dxe5 24. d6 R2b4 25. Rc1 Rd4+ 26. Ke3
Kf6 27. Bb7 Rxb7 28. c6 Rb8 29. d7 Rd8 30. c7 R4xd7 31. Rc6+ Ke7 32. cxd8=Q+
Rxd8 33. Ra6 Rd7 34. g5 Rc7 35. Ke4 Kf8 36. Kxe5 Rc5+ 37. Kf4 Rf5+ 38. Kg4 Rxf2
39. Rxa7 Rg2+ 40. Kf4 Kg7 41. a4 Ra2 42. a5 h5 43. gxh6+ Kxh6 44. a6 f6 45. Ra8
Ra4+ 46. Kf3 Kg5 47. a7 Ra3+ 48. Kg2 f5 49. h4+ Kf4 50. Rg8 Ra2+ 51. Kh3 Rxa7
52. Rxg6 Ra3+ 53. Kg2 Ra2+ 54. Kh3 Kf3 55. Rg3+ Ke4 56. h5 f4 57. Rg2 Ra5 58.
Kg4 Ke3 59. h6 f3 60. Rg3 Ra4+ 61. Kh5 Ra5+ 62. Kg4 Ra4+ 63. Kh5 1/2-1/2

[Event "Hamburg-chI"]
[Site "Hamburg"]
[Date "1998.06.01"]
[Round "4"]
[White "Bach, Matthias"]
[Black "Voigt, Martin"]
[Result "1-0"]
[WhiteElo "2320"]
[BlackElo "2265"]
[PlyCount "123"]
[EventDate "1998.05.29"]
[Source "ChessBase"]
[SourceDate "1998.07.07"]

1. d4 d5 2. c4 c6 3. Nc3 Nf6 4. Nf3 e6 5. g3 Nbd7 6. Bg2 Be7 7. O-O dxc4 8. e4
O-O 9. Qe2 b5 10. Rd1 Bb7 11. a4 a5 12. e5 Nd5 13. Ne4 N7b6 14. Nfg5 Nxa4 15.
Qh5 h6 16. Nh3 Qe8 17. Qg4 f5 18. exf6 Nxf6 19. Nxf6+ Rxf6 20. Nf4 Qf7 21. Be4
Bd6 22. Bg6 Rxg6 23. Qxg6 Bxf4 24. Qxf7+ Kxf7 25. gxf4 Rd8 26. Bd2 Rxd4 27.
Bxa5 c5 28. Bc3 Rd3 29. Kf1 Bd5 30. Rxd3 cxd3 31. Ke1 Bb3 32. Kd2 Bc2 33. Rxa4
bxa4 34. Be5 h5 35. h4 Kg6 36. Ke3 c4 37. Bc3 Bb1 38. Be5 Ba2 39. Bc3 Bb1 40.
Be5 Ba2 41. Bc3 Bb3 42. Be5 Kf5 43. f3 g5 44. hxg5 a3 45. bxa3 Ba4 46. Bc3 Bb5
47. Kf2 Bc6 48. Kg3 Bb5 49. Bd2 Be8 50. Kh4 c3 51. Bxc3 Kxf4 52. a4 Bxa4 53. g6
Be8 54. Kxh5 Kxf3 55. Kg5 e5 56. Kf6 e4 57. g7 e3 58. g8=Q d2 59. Qd5+ Ke2 60.
Bxd2 exd2 61. Qe4+ Kf2 62. Qd3 1-0

[Event "Hamburg-chI"]
[Site "Hamburg"]
[Date "1998.06.01"]
[Round "4"]
[White "Breyther, Ruediger"]
[Black "Movsziszian, Karen"]
[Result "0-1"]
[WhiteElo "2385"]
[BlackElo "2500"]
[PlyCount "104"]
[EventDate "1998.05.29"]
[Source "ChessBase"]
[SourceDate "1998.07.07"]

1. e4 c5 2. Nf3 d6 3. d4 cxd4 4. Nxd4 Nf6 5. Nc3 a6 6. Be2 e5 7. Nb3 Be7 8. O-O
O-O 9. Kh1 b5 10. a4 Bb7 11. Nd5 Nxe4 12. Bf3 f5 13. Bxe4 fxe4 14. Na5 Qxa5 15.
Nxe7+ Kh8 16. Qxd6 Qd8 17. Qxd8 Rxd8 18. Bg5 Nd7 19. Rfd1 Nf6 20. Bxf6 gxf6 21.
axb5 Rxd1+ 22. Rxd1 axb5 23. Nf5 Bd5 24. h4 Be6 25. Nd6 Ra2 26. Nxb5 Rxb2 27.
Nc7 Bg4 28. Rc1 Kg7 29. Kg1 Kg6 30. c4 f5 31. Nd5 f4 32. Re1 e3 33. fxe3 f3 34.
gxf3 Bxf3 35. e4 Kh5 36. Re3 Kg4 37. Kf1 Bg2+ 38. Ke1 Kxh4 39. c5 Rc2 40. Nc3
Bh3 41. Kd1 Rg2 42. c6 Bg4+ 43. Kc1 h5 44. c7 Rg3 45. Kd2 Rxe3 46. Kxe3 Kg3 47.
Ne2+ Kg2 48. Nf4+ exf4+ 49. Kxf4 Kh3 50. e5 Kh4 51. Ke4 Be6 52. Kf4 Bc8 0-1

[Event "Hamburg-chI"]
[Site "Hamburg"]
[Date "1998.06.01"]
[Round "4"]
[White "Engelbert, Christoph"]
[Black "Pestov, Sergei M"]
[Result "0-1"]
[WhiteElo "2250"]
[BlackElo "2335"]
[PlyCount "102"]
[EventDate "1998.05.29"]
[Source "ChessBase"]
[SourceDate "1998.07.07"]

1. e4 e6 2. d4 d5 3. exd5 exd5 4. Nf3 Bg4 5. Bd3 Nf6 6. Bg5 Qe7+ 7. Be3 Qb4+ 8.
Nbd2 Bd6 9. O-O O-O 10. Qc1 Nbd7 11. c3 Qb6 12. Qc2 Rfe8 13. Rae1 c5 14. h3
Bxf3 15. Nxf3 c4 16. Be2 Qc7 17. Nd2 Re7 18. Bf3 Rae8 19. Qc1 Qa5 20. a3 Qb6
21. Re2 Bc7 22. Rfe1 Qd6 23. g3 Qb6 24. Kg2 h6 25. Qc2 Qc6 26. Rb1 b5 27. Rbe1
Nb6 28. Nf1 Ne4 29. Bc1 Qg6 30. Bxe4 dxe4 31. Kh2 f5 32. f4 Nd5 33. Be3 Qh5 34.
Rg2 g5 35. Qf2 Rf8 36. a4 a6 37. axb5 axb5 38. Ra1 Rg7 39. Ra6 Kh7 40. Rc6 Qe8
41. Ra6 Qc8 42. Ra1 Rf6 43. Kh1 Rfg6 44. fxg5 hxg5 45. Ra7 Kg8 46. Bc1 f4 47.
gxf4 gxf4 48. Rxg6 Qxh3+ 49. Qh2 Qxh2+ 50. Kxh2 Rxg6 51. Rb7 e3 0-1

[Event "Hamburg-chI"]
[Site "Hamburg"]
[Date "1998.06.01"]
[Round "4"]
[White "Hegeler, Frank"]
[Black "Meyer, Falko"]
[Result "1/2-1/2"]
[WhiteElo "2330"]
[BlackElo "2330"]
[PlyCount "41"]
[EventDate "1998.05.29"]
[Source "ChessBase"]
[SourceDate "1998.07.07"]

1. d4 d5 2. c4 e6 3. Nc3 Nf6 4. Bg5 Be7 5. e3 O-O 6. Nf3 Nbd7 7. Rc1 c6 8. Bd3
dxc4 9. Bxc4 Nd5 10. Bxe7 Qxe7 11. O-O Nxc3 12. Rxc3 e5 13. Qc2 exd4 14. exd4
Nb6 15. Bb3 Be6 16. Re1 Bxb3 17. Rxb3 Qd6 18. Rbe3 Nd5 19. Re5 Rad8 20. a3 Rd7
21. Qe4 1/2-1/2